| 000 | 00546cam a22002171 4500 | ||
|---|---|---|---|
| 001 | sa 64005908 | ||
| 003 | DLC | ||
| 005 | 20260227112036.0 | ||
| 008 | 890811s1963 ii 000 0 hino | ||
| 010 | _asa 64005908 | ||
| 035 | _a(OCoLC)20161907 | ||
| 040 |
_aDLC _cWaU _dDLC |
||
| 042 | _apremarc | ||
| 050 | 0 | 0 |
_aPK3797 _b.V5 |
| 100 | 1 |
_aVidyālaṅkāra, Vāgīśvara, _d1896-1978. |
|
| 245 | 1 | 0 | _aKālidāsa aura usakī kāvya-kalā. |
| 260 | _c[1963] | ||
| 300 |
_a11, 295 p. _c23 cm. |
||
| 500 | _aIn Hindi. | ||
| 600 | 0 | 0 | _aKālidāsa. |
| 999 |
_c59396 _d59396 |
||